Top 50 Most Followed TikTok Creators - Statistics

General Stats
  • This quiz has been taken 16 times
  • The average score is 5 of 50
Answer Stats
Place Followers Account % Correct
2 149M charlidamelio
69%
4 88.8M addisonre
63%
13 57.4M dixiedamelio
63%
1 154M khaby.lame
44%
8 69.6M mrbeast
44%
3 92.6M bellapoarch
31%
9 66.9M tiktok
25%
30 42.8M avani
19%
28 45.2M selenagomez
19%
6 72.4M zachking
19%
35 40.5M bayashi.tiktok
13%
24 46.9M billieeilish
13%
42 37.5M bp_tiktok
13%
15 56.2M bts_official_bighit
13%
48 36.1M babyariel
6%
25 46.1M brentrivera
6%
12 62.7M domelipa
6%
33 42.2M elrodcontreras
6%
27 45.2M itsjojosiwa
6%
41 37.5M jamescharles
6%
14 56.8M jasonderulo
6%
22 47.8M kallmekris
6%
7 71.5M kimberly.loaiza
6%
20 51.5M kyliejenner
6%
17 54.4M lorengray
6%
47 36.7M miakhalifa
6%
50 35.6M spider_slack
6%
5 72.9M willsmith
6%
37 39.1M anokhinalz
0%
34 42M carlosferiag
0%
10 66.8M cznburak
0%
44 37.2M dobretwins
0%
49 35.7M gordonramsayofficial
0%
23 47.2M homm9k
0%
32 42.4M joealbanese
0%
29 43.1M junya1gou
0%
18 52.2M justmaiko
0%
31 42.7M karolg
0%
45 37.1M montpantoja
0%
43 37.2M nianaguerrero
0%
39 38.4M ondymikula
0%
19 51.8M ox_zung
0%
38 38.7M pongamoslo_a_prueba
0%
46 37M psg
0%
26 45.5M riyaz.14
0%
40 37.9M scottsreality
0%
16 55.4M spencerx
0%
11 65M therock
0%
36 39.8M xoteam
0%
21 49.6M youneszarou
0%
No matching quizzes found
Score Distribution
Percent of People with Each Score
Percentile by Number Answered
Your Score History
You have not taken this quiz